| 000 | 00601nam a2200229 a 4500 | ||
|---|---|---|---|
| 005 | 20210219153203.0 | ||
| 008 | 991125n 000 0 eng u | ||
| 035 | _aUPN01000083169 | ||
| 100 | 1 | _aQuade, Quentin L. | |
| 222 | _aACADEMIC QUESTIONS | ||
| 245 | _aInstitutions, and Integrity | ||
| 260 | _aEUA | ||
| 300 | _a68-72 | ||
| 362 | 0 | _a1991 Vol. 4, no. 3, summer | |
| 653 | 0 | _aESTADOS UNIDOS DE AMERICA | |
| 653 | 0 | _aINSTITUCIONES EDUCATIVAS | |
| 653 | 0 | _aLIBERTAD ACADEMICA | |
| 653 | 0 | _aPOLITICA EDUCATIVA | |
| 653 | 0 | _aUNIVERSIDADES | |
| 904 |
_aAC _b020980 |
||
| 905 | _aArticulo | ||
| 999 |
_c70551 _d70551 |
||